| 000 | 01040nam a2200229Ia 4500 | ||
|---|---|---|---|
| 999 |
_c34471 _d34471 |
||
| 001 | 220 | ||
| 003 | GE_BSU | ||
| 005 | 20200121144613.0 | ||
| 008 | 181216s||||||||ge |||||||||||||| ||geo|| | ||
| 040 | _cGE_BSU | ||
| 041 | _ageo | ||
| 080 | _a615.4(075.8) ბ-19 | ||
| 100 |
_aბაკურიძე, ალიოშა _92889 |
||
| 245 |
_aწამალთა ტექნოლოგია : _bსახელმძღვ. თსსუ-ის ფარმაც. ფაკ-ტის სტუდენტებისათვის / _cალიოშა ბაკურიძე ; რედ. ვ. ერიაშვილი. |
||
| 264 |
_aთბილისი : _bირიდა, _c2009. |
||
| 300 |
_a310 გვ.: _b ილ., ცხრ. ; _c28 სმ. |
||
| 653 | _aფარმაცია | ||
| 653 | _a წამლების ტექნოლოგია | ||
| 653 | _aსაექიმო რეცეპტები | ||
| 700 |
_aერიაშვილი, ვ. _eრედაქტორი _9536 |
||
| 942 |
_cBK _2udc |
||